عرض عادي
عرض مارك
- International Conference on Evolution, Monitoring, Simulation, Management and Remediation of the Geological Environment and Landscape
مدخل إسم مؤتمر
001 - رقم الضبط
- حقل الضبط: 12034
003 - معرف رقم الضبط
- حقل الضبط: OSt
005 - تاريخ ووقت أخر عملية
- حقل الضبط: 20120427165853.0
008 - عناصر بيانات ثابتة الطول
- حقل تحكم ثابت الطول: 120427|||a|||||| | ||| d
040 ## - مصدر الفهرسة
- هيئة الفهرسة الأصلية: OSt
- وكالة الكتابة: OSt
111 ## - مدخل -- اسم مؤتمر
- اسم الملتقي او اسم السلطه كعنصر مدخل: International Conference on Evolution, Monitoring, Simulation, Management and Remediation of the Geological Environment and Landscape
- رقم الجزء / القسم/ الملتقي: (2nd :
- تاريخ المؤتمر: 2006 :
- مكان الملتقي: Rhodes, Greece)
670 ## - بيانات المصدر موجوده
- الاستشهاد بالمصدر: Work cat.: (OSt)24003: International Conference on Evolution, Monitoring, Simulation, Management and Remediation of the Geological Environment and Landscape (2nd : 2006 : Rhodes, Greece), Geo-environment and landscape evolution II /, c2006.
